000 00694nam a22002297a 4500
003 UA-OsUOA
001 42240
007 ta
008 20081203b un ||||| |||| 00| 0 ukr d
090 _a082
_bУ45
942 _cBK
040 _aUA-OsUOA
_bukr
_cUA-OsUOA
_dUA-OsUOA
245 _aУкраїна в нас єдина
_bКиїв, 18-20 серпня 2006 року
300 _a294 с.
955 _a4
041 _aukr
080 _a082
260 _aК.
_c2007
246 3 1 _aМатеріали засідань наукових секцій IV Всесвітнього форуму українців
650 7 _a08 Видання. Колективні праці
_2UDC
999 _c440738
_d440738